000 00513nam a2200181Ia 4500
008 240925s9999 xx 000 0 und d
020 _a9781440596193
082 _a808.06665 YAT
100 _aYate, Martin.
245 0 _aKnock'em Dead: resumes: a killer resume got more job intervews.
250 _a12th
260 _aLondon:
_bAdams Media Corporation
_c,2016.
300 _a174p.
_b0
_fOriginal
500 _aIncludes Index
600 _aHumanities & Natural Science
650 _aLiterature
942 _cBK
999 _c17206
_d17206